000 00565ntaaa2200205 4500
003 01
005 20251027202253.0
008 0714s1973 ag 01
040 _aAR-BaBN
_bspa
_cAR-BaBN
_eaacr
_dRIC
082 _a270.1000 G76
100 _aGrant, Robert M
_95522
245 _aAfter the new testament
250 _a1 ed.
260 _aPhiladelphia :
_bFortress Press,
_cc1967
300 _axxiii, 228 p
500 _aDespués del Nuevo Testamento. El cristianismo primitivo
650 _aiglesia primitiva
_91875
650 _apatrĂ­stica
_914587
942 _cBK
999 _c17481
_d17481